| 000 | 00756nas a2200229 454500 | ||
|---|---|---|---|
| 001 | 15102 | ||
| 005 | 20260407193505.0 | ||
| 008 | 260407s2012####ag###########|||spa#d | ||
| 003 | AR-UNSa-BCEJYS | ||
| 040 |
_aAR-UNSa-BCEJYS _bspa _cAR-UNSa-BCEJYS |
||
| 080 |
_a349.2 _xDerecho del Trabajo |
||
| 245 | 1 | 0 | _aManual de Jurisprudencia de Derecho del trabajo y la seguridad social |
| 264 | 1 |
_aBuenos Aires : _bAbeledo Perrot _c2012 |
|
| 310 | _aFrecuencia: Anual | ||
| 942 | _cSER | ||
| 590 | _aniveau_biblio:s niveau_hierar:1 | ||
| 100 | 1 | _aMark, Mariano H. | |
| 700 | 1 | _aVardé, Francisco J. | |
| 650 | _aSeguridad social | ||
| 650 | _aDerecho laboral | ||
| 856 | 4 | 1 |
_uhttps://biblioeco.unsa.edu.ar/webbibeco/images/bibeco/MJD.jpg _yImagen de portada _qimage/jpeg |
| 999 |
_c8470 _d8470 |
||